000 01010nam a2200289 i 4500
001 bg
100 1 _aPIETRAS, Paweł
_d(1970- )
245 1 0 _aZarządzanie projektami :
_bwybrane metody i techniki /
_cPaweł Pietras, Maciej Szmit.
246 1 4 _aZarządzanie projektem
260 _aŁódź :
_b"Horyzont",
_c2003.
300 _a188 s. :
_brys., tab., wykr. ;
_c24 cm.
500 _aTyt. okł. i grzbiet.: Zarządzanie projektem.
504 _aBibliogr. s. 183-188.
521 _aDla studentów kierunków Zarządzanie i marketing, zarządzanie produkcją.
650 9 _aZarządzanie projektami
655 _aPodręczniki akademickie
700 1 _aSZMIT, Maciej
_d(1971- )
015 _aPB 4889/2004
020 _a8391790614
040 _cBPK
041 0 _apol
080 _a658.1/.5.012.2/.4(075.8)
920 _a83-917906-1-4
942 _cKS
008 s pl f |000 0 pol
999 _c46155
_d46155
856 _uhttp://koha.tu.koszalin.pl/cgi-bin/koha/opac-detail.pl?biblionumber=46155
_yKatalog online BPK